[Event "45th Olympiad Budapest 2024"]
[Site "Budapest"]
[Date "2024.09.13"]
[Round "3"]
[Board "3"]
[White "Redzuan, Nur Ainul Mardhiah"]
[Black "Kponsou, Afiwa"]
[Result "0-1"]
[WhiteElo "1481"]
[BlackElo "1453"]
[PlyCount "82"]
[EventDate "2024.09.11"]
[EventType "team-tourn"]
[EventRounds "11"]
[EventCountry "HUN"]
[WhiteTeam "Brunei Darussalam"]
[BlackTeam "Togo"]
[BlackTeamCountry "TOG"]

1. e4 {[%emt 0:00:02]} d6 {[%emt 0:00:37]} 2. d4 {[%emt 0:00:38]} g6 {[%emt 0:00:37]} 3. Nf3 {[%emt 0:01:34]} Bg7 {[%emt 0:01:05]} 4. Nc3 {[%emt 0:02:00]} Nd7 {[%emt 0:02:00]} 5. Bc4 {[%emt 0:02:34]} e6 {[%emt 0:01:34]} 6. O-O {[%emt 0:02:46]} Ne7 {[%emt 0:00:45]} 7. Be3 {[%emt 0:04:31]} O-O {[%emt 0:00:27]} 8. h3 $146 {[%emt 0:03:53]} ({RR} 8. Qd2 b6 9. Bh6 Bb7 10. Bxg7 Kxg7 11. Rfe1 Nc6 12. Rad1 e5 13. dxe5 Ndxe5 14. Nxe5 Nxe5 15. Bd5 Bxd5 16. Nxd5 Rc8 17. Qc3 Kg8 18. f4 Nd7 19. e5 c6 20. Nf6+ Nxf6 21. exf6 d5 22. Re7 Re8 {1-0 Moruzzi,M-Skinke,K EU-ch U10 Girls 2000 (2)}) ({RR} 8. Qd2 b6 9. Rfe1 a6 10. Bg5 b5 11. Bf1 Bb7 12. b4 Nb6 13. a4 bxa4 14. Nxa4 Qd7 15. Nc3 Nc6 16. b5 axb5 17. Bxb5 Rxa1 18. Rxa1 Qc8 19. h3 f6 20. Bh6 Bxh6 21. Qxh6 Qd8 22. h4 Qe7 {½-½ Koivisto 9.2 (3493)-SlowChess Blitz 2.9 avx2 (3455) TCEC 24 Premier 2023 (34.4)}) ({RR} 8. Qd2 Re8 9. Bh6 Bh8 10. Rfe1 c6 11. h3 b5 12. Bd3 a6 13. Qf4 e5 14. dxe5 dxe5 15. Qh4 Bf6 16. Ng5 Nf8 17. a4 Rb8 18. axb5 axb5 19. Ra7 Rb7 20. Rea1 Ne6 21. Nxe6 Bxh4 22. Nxd8 Rxd8 {1-0 Orzech,D (2248)-Castellanos Gomez,A (2293) Titled Tue 19th Mar Early 2024 (3)}) ({RR} 8. Qd2 Nb6 9. Bb3 Nc6 10. Bh6 Na5 11. Qf4 Nxb3 12. axb3 a6 13. e5 f6 14. Qh4 fxe5 15. Bg5 Bf6 16. dxe5 Bxg5 17. Nxg5 Qe7 18. Qg3 d5 19. h4 Qg7 20. Ne2 h6 21. Nf3 Bd7 22. Nf4 Kh7 {1-0 Kilian,R (2279)-Osterkamp,W Unna op 2002 (5)}) ({RR} 8. Qd2 a5 9. Bh6 a4 10. Rad1 a3 11. b4 Nb6 12. Bb3 Bd7 13. h4 Bxh6 14. Qxh6 f6 15. Ne2 d5 16. Nf4 Rf7 17. Rfe1 Nbc8 18. Nd3 Nd6 19. e5 Nef5 20. Qf4 Ne4 21. Nc5 g5 22. hxg5 fxg5 {1-0 Rozentalis,E (2505)-Gavrikov,V (2555) URS-ch FL55 Lvov 1987 (3)}) 8... a6 {[%emt 0:02:30]} 9. a4 {[%emt 0:04:15]} c5 {[%emt 0:06:58]} 10. Re1 {[%emt 0:08:48]} Qc7 {[%emt 0:04:45]} 11. Qd3 {[%emt 0:08:21]} Nb6 {[%emt 0:04:21]} 12. Ba2 {[%emt 0:06:10]} c4 {[%emt 0:08:30]} 13. Qd2 {[%emt 0:03:47]} Bd7 {[%emt 0:04:31]} 14. b3 {[%emt 0:03:08]} Rac8 {[%emt 0:03:18]} 15. Rac1 {[%emt 0:07:39]} d5 {[%emt 0:06:37]} 16. Bf4 {[%emt 0:07:07]} Qd8 {[%emt 0:00:42]} 17. exd5 {[%emt 0:03:54]} cxb3 {[%emt 0:07:50]} 18. Bxb3 {[%emt 0:01:51]} Nexd5 {[%emt 0:00:43]} 19. Nxd5 {[%emt 0:04:01]} Nxd5 {[%emt 0:00:46]} 20. Bh6 {[%emt 0:03:04]} Bc6 {[%emt 0:08:00]} 21. c4 {[%emt 0:02:28]} Nb6 {[%emt 0:00:29]} 22. Bxg7 {[%emt 0:02:29]} Kxg7 {[%emt 0:00:18]} 23. Qb4 {[%emt 0:01:26]} Bxf3 {[%emt 0:02:22]} 24. gxf3 {[%emt 0:00:40]} Qxd4 {[%emt 0:00:25]} 25. a5 {[%emt 0:04:15]} Nd5 {[%emt 0:02:23]} 26. Qxb7 {[%emt 0:01:10]} Rb8 {[%emt 0:02:09]} 27. Red1 {[%emt 0:03:23]} Qxd1+ {[%emt 0:01:36]} 28. Bxd1 {[%emt 0:01:16]} Rxb7 {[%emt 0:00:16]} 29. cxd5 {[%emt 0:00:37]} exd5 {[%emt 0:01:53]} 30. Rc6 {[%emt 0:01:36]} Rb1 {[%emt 0:01:19]} 31. Kf1 {[%emt 0:01:34]} Rxd1+ {[%emt 0:00:17]} 32. Ke2 {[%emt 0:00:05]} Ra1 {[%emt 0:01:19]} 33. Rxa6 {[%emt 0:01:06]} Re8+ {[%emt 0:01:08]} 34. Kd3 {[%emt 0:00:17]} Ra4 {[%emt 0:00:52]} 35. Kd2 {[%emt 0:02:41]} Re6 {[%emt 0:01:04]} 36. Ra7 {[%emt 0:01:31]} Rf6 {[%emt 0:00:45]} 37. Ke3 {[%emt 0:00:42]} d4+ {[%emt 0:00:40]} 38. Ke2 {[%emt 0:00:56]} Ra3 {[%emt 0:00:28]} 39. Ra8 {[%emt 0:00:59]} Rfxf3 {[%emt 0:00:37]} 40. Rd8 {[%emt 0:01:05]} Rxh3 {[%emt 0:00:29]} 41. Rxd4 {[%emt 0:00:30]} Ra2+ {[%emt 0:00:32]} 0-1

[Event "45th Olympiad Budapest 2024"]
[Site "Budapest"]
[Date "2024.09.13"]
[Round "3"]
[Board "3"]
[White "Yeshey, Lhaden"]
[Black "Msukwa, Tupokiwe"]
[Result "0-1"]
[WhiteElo "1514"]
[BlackElo "1674"]
[PlyCount "72"]
[EventDate "2024.09.11"]
[EventType "team-tourn"]
[EventRounds "11"]
[EventCountry "HUN"]
[WhiteTeam "Bhutan"]
[BlackTeam "Malawi"]
[WhiteTeamCountry "BTN"]
[BlackTeamCountry "MWI"]

1. d4 {[%emt 0:00:03]} d5 {[%emt 0:00:38]} 2. Bf4 {[%emt 0:00:13]} Nf6 {[%emt 0:00:19]} 3. Nf3 {[%emt 0:00:45]} Bf5 {[%emt 0:00:47]} 4. e3 {[%emt 0:00:57]} a6 {[%emt 0:00:16]} 5. Nbd2 {[%emt 0:00:38]} ({RR} 5. c4 e6 6. Nc3 c6 7. Qb3 b5 8. c5 Be7 9. h3 h6 10. a4 Nbd7 11. Be2 Bh7 12. O-O O-O 13. Ra2 Qc8 14. Rfa1 Qb7 15. axb5 axb5 16. Bh2 Rfc8 17. Bf1 Ne4 18. Rxa8 Rxa8 19. Rxa8+ Qxa8 {1-0 Filipovic,B (2413)-Haskovic,S (1967) Sarajevo Bosna op 47th 2017 (1)}) 5... h6 $146 {[%emt 0:00:25]} ({RR} 5... e6 6. h3 Nc6 7. c3 h6 8. Be2 Be7 9. O-O g5 10. Be5 Nxe5 11. Nxe5 Bd6 12. g4 Bh7 13. Qa4+ b5 14. Qd1 Bxe5 15. dxe5 Nd7 16. Nf3 Bg6 17. a4 Rb8 18. axb5 axb5 19. Ra6 h5 20. Qb3 {1-0 Boscolo,A (1676)-Marchetti,R (1440) Chioggia op-B 04th 2009 (4)}) ({RR} 5... Nc6 6. c4 e6 7. Be2 Bb4 8. a3 Bxd2+ 9. Nxd2 h6 10. h3 O-O 11. O-O b5 12. cxb5 axb5 13. Bxb5 Ne7 14. Rc1 c6 15. Bxc6 Nxc6 16. Rxc6 Bd3 17. Re1 Qd7 18. Rc7 Qa4 19. Qxa4 Rxa4 20. Rb7 {1-0 Narendra Tumbekodige,M-Menoncello,L World Corporate East C rapid 2021 (2.4)}) ({RR} 5... e6 6. Be2 Bd6 7. Ne5 Nbd7 8. O-O Ne4 9. Nxe4 Bxe4 10. Nd3 Bxf4 11. Nxf4 O-O 12. Bd3 Nf6 13. Bxe4 Nxe4 14. Nd3 Qd6 15. f4 g6 16. Rf3 Kg7 17. Qe1 Qe7 18. g4 f5 19. gxf5 exf5 20. Ne5 {1-0 Bakos,B (2225)-Palotas,P (1912) HUN-chT U20 Budapest 2004 (6)}) ({RR} 5... e6 6. c3 Bd6 7. Ne5 Nbd7 8. Ndf3 Nh5 9. Nxf7 Kxf7 10. Ng5+ Kg6 11. g4 Bxg4 12. Qxg4 Qe8 13. Qxe6+ Qxe6 14. Nxe6 Nxf4 15. Nxf4+ Bxf4 16. exf4 Rae8+ 17. Kd2 Nf6 18. Bd3+ Kf7 19. Rae1 Rxe1 20. Rxe1 {½-½ Schmidt,O (1873)-Brito,G (1868) Estadual-ch Vitoria 2009 (4.5)}) 6. c4 {[%emt 0:02:05]} e6 {[%emt 0:00:40]} 7. Qa4+ {[%emt 0:05:05]} Nbd7 {[%emt 0:01:40]} 8. c5 {[%emt 0:01:03]} Be7 {[%emt 0:02:27]} 9. Ne5 {[%emt 0:06:11]} O-O {[%emt 0:01:22]} 10. Nxd7 {[%emt 0:01:29]} Nxd7 {[%emt 0:00:12]} 11. f3 {[%emt 0:03:51]} Bh4+ {[%emt 0:04:05]} 12. g3 {[%emt 0:00:43]} Be7 {[%emt 0:01:14]} 13. e4 {[%emt 0:02:19]} dxe4 {[%emt 0:01:36]} 14. fxe4 {[%emt 0:00:41]} Bh7 {[%emt 0:03:34]} 15. h4 {[%emt 0:03:00]} Nf6 {[%emt 0:01:12]} 16. Bd3 {[%emt 0:01:33]} Bxc5 {[%emt 0:02:33]} 17. Qc2 {[%emt 0:05:20]} Bxd4 {[%emt 0:02:48]} 18. Nf3 {[%emt 0:12:39]} Bb6 {[%emt 0:01:11]} 19. O-O-O {[%emt 0:01:29]} Qe7 {[%emt 0:01:06]} 20. Kb1 {[%emt 0:06:31]} Ng4 {[%emt 0:06:26]} 21. Rhe1 {[%emt 0:07:21]} e5 {[%emt 0:01:43]} 22. Bd2 {[%emt 0:03:04]} Rfd8 {[%emt 0:01:27]} 23. Be2 {[%emt 0:02:36]} Nf2 {[%emt 0:00:45]} 24. Qc3 {[%emt 0:05:24]} Nxe4 {[%emt 0:02:54]} 25. Qc1 {[%emt 0:02:13]} Nxd2+ {[%emt 0:01:37]} 26. Ka1 {[%emt 0:00:24]} Nxf3 {[%emt 0:01:06]} 27. Bxf3 {[%emt 0:00:56]} e4 {[%emt 0:02:41]} 28. Qc4 {[%emt 0:08:43]} Rxd1+ 29. Bxd1 {[%emt 0:02:19]} Qc5 {[%emt 0:00:38]} 30. Qxc5 {[%emt 0:03:17]} Bxc5 {[%emt 0:00:04]} 31. Re2 {[%emt 0:00:23]} Rd8 {[%emt 0:01:04]} 32. Bc2 {[%emt 0:00:27]} e3 {[%emt 0:00:23]} 33. Bb3 {[%emt 0:00:41]} Rd2 {[%emt 0:00:37]} 34. Re1 {[%emt 0:01:10]} Bd4 {[%emt 0:01:25]} 35. a4 {[%emt 0:02:45]} Rxb2 {[%emt 0:01:26]} 36. Rd1 {[%emt 0:02:40]} Rd2# {[%emt 0:00:22]} 0-1

[Event "45th Olympiad Budapest 2024"]
[Site "Budapest"]
[Date "2024.09.13"]
[Round "3"]
[Board "3"]
[White "Henry, Zahidu"]
[Black "Al Nadabi, Yomna"]
[Result "0-1"]
[WhiteElo "1406"]
[BlackElo "1612"]
[PlyCount "74"]
[EventDate "2024.09.11"]
[EventType "team-tourn"]
[EventRounds "11"]
[EventCountry "HUN"]
[WhiteTeam "Dominica"]
[BlackTeam "Oman"]
[BlackTeamCountry "OMN"]

1. d4 {[%emt 0:00:07]} d5 {[%emt 0:00:13]} 2. Bf4 {[%emt 0:00:11]} Nf6 {[%emt 0:00:33]} 3. e3 {[%emt 0:00:32]} g6 {[%emt 0:00:07]} 4. Bd3 {[%emt 0:01:00]} ({RR} 4. Nc3 Bg7 5. Nb5 Na6 6. h3 O-O 7. c3 c6 8. Na3 Nb8 9. Nf3 Nbd7 10. Bd3 a6 11. O-O c5 12. Nc2 b6 13. a4 Bb7 14. Ne5 Nxe5 15. Bxe5 Nd7 16. Bxg7 Kxg7 17. f4 e6 18. Ne1 Qe7 {1-0 Miladinovic,I (2566)-Pavlovic,G (2406) SRB-chT Valjevo 2011 (7.2)}) 4... Bg7 {[%emt 0:00:16]} 5. h3 {[%emt 0:00:33]} ({RR} 5. Nc3 O-O 6. h4 h5 7. Nf3 c5 8. Qd2 Nc6 9. O-O-O c4 10. Be2 Qa5 11. Kb1 b5 12. Ne5 Qb6 13. g4 hxg4 14. Rdg1 b4 15. Na4 Qb5 16. Nc5 Nxe5 17. Bxe5 Ne4 18. Nxe4 Bxe5 19. Ng5 Bg7 {0-1 Wang,J (2109)-Herbrig,A (2292) Titled Tue 27th Aug Early 2024 (8)}) 5... a6 $146 {[%emt 0:00:24]} ({RR} 5... c5 6. c3 Nc6 7. Nf3 O-O 8. Nbd2 b6 9. Ne5 Bb7 10. Nxc6 Bxc6 11. Be5 Nd7 12. Bxg7 Kxg7 13. f4 e6 14. O-O f6 15. Qe2 e5 16. f5 g5 17. dxc5 Nxc5 18. Rad1 Qe8 19. e4 Nxd3 20. Qxd3 {0-1 Zaitseva,L (2140)-Nutu Gajic,D Moscow (Women) 1984}) ({RR} 5... b6 6. Nd2 Bb7 7. c3 O-O 8. g4 Nbd7 9. Bh2 c5 10. g5 Ne4 11. f4 f5 12. Ngf3 Qc7 13. Rc1 Rfc8 14. Ke2 cxd4 15. cxd4 Qd6 16. Qb3 e6 17. h4 Nxd2 18. Kxd2 Bf8 19. a3 a5 20. Rxc8 {1-0 Liebisch,D (1963)-Beckel,F (1959) GER Cup GrA+B Seniors 1st 2011 (1)}) ({RR} 5... Nbd7 6. Nf3 c5 7. c3 O-O 8. O-O Re8 9. Ne5 c4 10. Bc2 Nxe5 11. Bxe5 Qb6 12. Qc1 Bh6 13. b4 Nd7 14. Bf4 Bg7 15. a4 e5 16. Bh2 a6 17. Re1 f5 18. a5 Qe6 19. Nd2 e4 20. Ba4 {0-1 Persson,L (1590)-Magnussen,P (1881) Helsingor Xtracon op 2017 (5)}) 6. Nf3 {[%emt 0:00:33]} b6 {[%emt 0:00:34]} 7. Nbd2 {[%emt 0:00:41]} Bb7 {[%emt 0:00:32]} 8. Ne5 {[%emt 0:02:38]} O-O {[%emt 0:01:28]} 9. g4 {[%emt 0:05:22]} Nfd7 {[%emt 0:01:02]} 10. g5 {[%emt 0:03:28]} c5 {[%emt 0:05:06]} 11. c3 {[%emt 0:00:50]} Nc6 {[%emt 0:00:48]} 12. Ndf3 {[%emt 0:03:46]} Ndxe5 {[%emt 0:08:43]} 13. Nxe5 {[%emt 0:01:45]} Nxe5 {[%emt 0:00:36]} 14. Bxe5 {[%emt 0:03:49]} Bxe5 {[%emt 0:04:49]} 15. dxe5 {[%emt 0:00:37]} d4 {[%emt 0:01:03]} 16. Rh2 {[%emt 0:00:56]} dxe3 {[%emt 0:01:35]} 17. fxe3 {[%emt 0:01:30]} f6 {[%emt 0:01:15]} 18. Rf2 {[%emt 0:04:16]} Qd5 {[%emt 0:12:22]} 19. Bc4 {[%emt 0:00:57]} Qxc4 {[%emt 0:01:29]} 20. Qd7 {[%emt 0:05:01]} Qe4 {[%emt 0:04:35]} 21. Qe6+ {[%emt 0:21:15]} Rf7 {[%emt 0:00:18]} 22. Rd1 {[%emt 0:01:11]} Qxe3+ {[%emt 0:01:24]} 23. Re2 {[%emt 0:01:07]} Qg1+ {[%emt 0:00:37]} 24. Kd2 {[%emt 0:00:39]} Qxg5+ {[%emt 0:00:17]} 25. Kc2 {[%emt 0:01:14]} Bf3 {[%emt 0:03:09]} 26. Rd7 {[%emt 0:02:31]} Bxe2 {[%emt 0:00:58]} 27. Rxe7 {[%emt 0:00:21]} Qf5+ {[%emt 0:00:31]} 28. Kb3 {[%emt 0:04:29]} Bd1+ {[%emt 0:01:13]} 29. Ka3 {[%emt 0:00:40]} Qxe6 {[%emt 0:00:59]} 30. Rxe6 {[%emt 0:00:20]} b5 {[%emt 0:01:19]} 31. exf6 {[%emt 0:01:07]} a5 {[%emt 0:00:18]} 32. b3 {[%emt 0:00:51]} b4+ {[%emt 0:00:27]} 33. Kb2 {[%emt 0:00:38]} a4 {[%emt 0:01:48]} 34. Rd6 {[%emt 0:04:34]} Bf3 {[%emt 0:03:39]} 35. h4 {[%emt 0:01:23]} axb3 {[%emt 0:02:22]} 36. Kxb3 {[%emt 0:01:01]} Ra3+ {[%emt 0:00:36]} 37. Kb2 {[%emt 0:02:12]} Rxc3 {[%emt 0:00:24]} 0-1